| 000 | 00756cab a2200229 4500 | ||
|---|---|---|---|
| 001 | WB2641-29 | ||
| 008 | 090401t1990 xxu||||| |||| 00| 0 eng d | ||
| 035 | _a(Sirsi) u68457 | ||
| 041 | _aeng | ||
| 245 | _aNew info-tech property system | ||
| 260 | _c1990 | ||
| 350 | _a0 | ||
| 490 |
_aChartered Surveyor Weekly _vvol 3 no 3 18/10/90 p39 |
||
| 520 | _aLooks at new computerised commercial property information system called Panorama . which includes interactive video technology , aerial photography and digitised OS maps | ||
| 650 | _aDATABASES | ||
| 650 | _aHERIOT-WATT UNIVERSITY | ||
| 650 | _aPAISLEY COLLEGE | ||
| 650 | _aSCOTLAND | ||
| 690 | _aMANAGEMENT-BUSINESS MANAGEMENT-INFORMATION MANAGEMENT | ||
| 942 | _n0 | ||
| 948 | _c04/03/1997 | ||
| 999 |
_c42951 _d42951 |
||